Convex optimization in signal processing and communications / (رقم التسجيلة. 22220)

تفاصيل مارك
000 -الفاتح
حقل البيانات ثابتة الطول 01187cam a22003377a 4500
001 - رقم الضبط
رقم الضبط 16209467
003 - محدد رقم الضبط
رقم الضبط OSt
005 - وقت وتاريخ اخر تعامل مع التسجيلة
رقم الضبط 20150408114024.0
008 - عناصر البيانات ثابتة الطول - معلومات عامة
حقل البيانات ثابتة الطول 100429s2010 enka b 001 0 eng
010 ## - رقم ضبط مكتبة الكونجرس
رقم ضبط مكتبة الكونجرس 2010276013
015 ## - رقم الببليوجرافية الوطنية
رقم الببليوجرافية الوطنية GBA991058
المصدر bnb
016 7# - رقم ضبط الوكاله الوطنية للضبط الببليوجرافي
رقم ضبط التسجيلة 015371343
المصدر Uk
020 ## - الرقم الدولى المعيارى للكتب
الرقم الدولى المعيارى للكتاب 9780521762229 (hbk.)
020 ## - الرقم الدولى المعيارى للكتب
الرقم الدولى المعيارى للكتاب 0521762227 (hbk.)
035 ## - رقم ضبط النظام
رقم ضبط النظام (OCoLC)ocn422765059
040 ## - مصدر الفهرسة
وكالة الفهرسة الأصلية UKM
وكالة النسخ UKM
وكالة التعديل BTCTA
-- BWKUK
-- YDXCP
-- DLC
042 ## - رمز التحقق
رمز التحقق lccopycat
050 00 - رقم طلب مكتبة الكونجرس
رقم التصنيف TK5102.9
رقم المادة .C587 2010
082 04 - رقم تصنيف ديوى العشرى
رقم التصنيف 621.3822
رقم الطبعة 22
245 00 - بيان العنوان
العنوان Convex optimization in signal processing and communications /
بيان المسئوليه,etc edited by Daniel P. Palomar and Yonina C. Eldar.
260 ## - PUBLICATION, DISTRIBUTION, ETC. (IMPRINT)
مكان الناشر او الموزع Cambridge, UK ;
-- New York :
اسم الناشر او الموزع Cambridge University Press,
تاريخ النشر أو التوزيع 2010.
300 ## - الوصف المادى
التعداد xiv, 498 p. :
تفاصيل ماديه اخرى للوعاء ill. ;
أبعاد الوعاء 26 cm.
504 ## - تبصرة ببليوجرافية
تبصرة ببليوجرافية,الخ Includes bibliographical references and index.
650 #0 - المدخل الاضافى بالموضوع-مصطلح موضوعى
مصطلح موضوعي أو اسم جغرافي كعنصر مدخل Signal processing.
9 (RLIN) 5055
650 #0 - المدخل الاضافى بالموضوع-مصطلح موضوعى
مصطلح موضوعي أو اسم جغرافي كعنصر مدخل Mathematical optimization.
9 (RLIN) 12151
650 #0 - المدخل الاضافى بالموضوع-مصطلح موضوعى
مصطلح موضوعي أو اسم جغرافي كعنصر مدخل Convex functions.
9 (RLIN) 12152
700 1# - المدخل الاضافى - اسم شخصى
الإسم الشخصى Palomar, Daniel P.
9 (RLIN) 12153
700 1# - المدخل الاضافى - اسم شخصى
الإسم الشخصى Eldar, Yonina C.
9 (RLIN) 12154
942 ## - عناصر المدخل الإضافي( كوها)
مصدر التصنيف او مخطط الترفيف Dewey Decimal Classification
Koha [default] item type كتاب
المقتنيات
حالة الفقد نموذج السعر الفعال حالة تلف ليس للاعارة رقم الطلب تاريخ الاكتساب الموقع الحالي الباركود الفرع الرئيسي Date last seen نوع المادة فى نظام كوها مصدر التصنيف او خطة الترفيف Total Checkouts
  2013-03-10     621.3822 C O O 2012-04-29 المكتبة المركزية بالمجمعة (CL) 00085696 المكتبة المركزية بالمجمعة (CL) 2013-03-10 كتاب Dewey Decimal Classification  
  2013-03-10     621.3822 C O O 2012-04-29 المكتبة المركزية بالمجمعة (CL) 00085697 المكتبة المركزية بالمجمعة (CL) 2013-03-10 كتاب Dewey Decimal Classification  
  2013-03-10     621.3822 C O O 2012-04-29 المكتبة المركزية بالمجمعة (CL) 00085693 المكتبة المركزية بالمجمعة (CL) 2013-03-10 كتاب Dewey Decimal Classification